[Event "Saratov-ch"]
[Site "Saratov"]
[Date "2012.02.28"]
[Round "4"]
[White "Lamikhov, Jury"]
[Black "Korchmar, Vasiliy"]
[Result "1/2-1/2"]
[WhiteElo "1932"]
[BlackElo "2263"]
[PlyCount "80"]
[EventDate "2012.02.24"]
[EventType "swiss"]
[EventRounds "9"]
[EventCountry "RUS"]
[SourceTitle "CBM 147 Extra"]
[Source "ChessBase"]
[SourceDate "2012.04.24"]
[SourceVersion "1"]
[SourceVersionDate "2012.04.24"]
[SourceQuality "1"]

1. d4 Nf6 2. c4 g6 3. Nc3 Bg7 4. Nf3 0-0 5. g3 d6 6. Bg2 Nbd7 7. 0-0 c6 8. Re1 Qc7 9. d5 Nb6 10. Nd2 e6 11. e4 exd5 12. cxd5 cxd5 13. exd5 Bg4 14. Qb3 Rfe8 15. Nde4 Nxe4 16. Rxe4 Bxc3 17. Qxc3 Qxc3 18. bxc3 Rxe4 19. Bxe4 Re8 20. f3 f5 21. Be3 Bh3 22. Bxb6 axb6 23. Bd3 Re3 24. Bf1 Bxf1 25. Rxf1 Rxc3 26. Rb1 Rc5 27. Rxb6 Rxd5 28. a4 Rd4 29. a5 Rd5 30. Rxb7 Rxa5 31. Rd7 Rd5 32. Kf2 g5 33. Ke3 Rd1 34. h4 Re1+ 35. Kf2 Re6 36. hxg5 h6 37. gxh6 Rxh6 38. Ke3 Rg6 39. Kf4 Kf8 40. Kxf5 Rxg3 1/2-1/2

[Event "Saratov RCT"]
[Site "Saratov"]
[Date "2009.10.15"]
[Round "10"]
[White "Lamikhov, Jury"]
[Black "Brekhov, Denis"]
[Result "1/2-1/2"]
[WhiteElo "1942"]
[BlackElo "1996"]
[PlyCount "117"]
[EventDate "2009.10.05"]
[EventType "tourn"]
[EventRounds "13"]
[EventCountry "RUS"]
[SourceTitle "EXT 2012"]
[Source "ChessBase"]
[SourceDate "2011.11.24"]
[SourceVersion "1"]
[SourceVersionDate "2011.11.24"]
[SourceQuality "1"]

1. d4 Nf6 2. c4 g6 3. Nc3 d5 4. cxd5 Nxd5 5. Nf3 Bg7 6. e3 0-0 7. Bc4 Nb6 8. Bb3 c5 9. dxc5 Qxd1+ 10. Nxd1 N6d7 11. Bd2 Nxc5 12. 0-0 Nxb3 13. axb3 Nc6 14. Bc3 Be6 15. b4 Bc4 16. Re1 Rad8 17. e4 e6 18. Ne3 Bb5 19. Ng4 Nd4 20. Nxd4 Bxd4 21. Rad1 Bg7 22. e5 Rxd1 23. Rxd1 Be2 24. Rd4 Bxg4 25. Rxg4 Rd8 26. Rd4 Rxd4 27. Bxd4 a6 28. Kf1 Kf8 29. Ke2 Ke8 30. Kd3 Kd7 31. Kc4 Kc6 32. f4 b5+ 33. Kd3 Bf8 34. Bc3 Kd5 35. b3 Be7 36. g3 Bd8 37. Bd4 g5 38. Bf2 f6 39. exf6 Bxf6 40. fxg5 Bxg5 41. g4 e5 42. h4 e4+ 43. Ke2 Be7 44. Be1 Kd4 45. g5 e3 46. Bg3 Bxb4 47. h5 Ke4 48. g6 hxg6 49. hxg6 Bc3 50. Be1 Bg7 51. Ba5 Kd4 52. Bb4 Bh6 53. Be1 Bg7 54. Bb4 Ke4 55. Bc5 Kd5 56. Bxe3 a5 57. Kd3 a4 58. bxa4 bxa4 59. Bc1 1/2-1/2

[Event "Saratov RCT"]
[Site "Saratov"]
[Date "2009.10.13"]
[Round "8"]
[White "Lamikhov, Jury"]
[Black "Poleschikov, Alexey2"]
[Result "1/2-1/2"]
[WhiteElo "1942"]
[BlackElo "1952"]
[PlyCount "79"]
[EventDate "2009.10.05"]
[EventType "tourn"]
[EventRounds "13"]
[EventCountry "RUS"]
[SourceTitle "EXT 2012"]
[Source "ChessBase"]
[SourceDate "2011.11.24"]
[SourceVersion "1"]
[SourceVersionDate "2011.11.24"]
[SourceQuality "1"]

1. d4 Nf6 2. c4 e6 3. g3 d5 4. Nf3 Be7 5. Bg2 0-0 6. Nbd2 c6 7. 0-0 Nbd7 8. Qc2 b6 9. e4 dxe4 10. Nxe4 Nxe4 11. Qxe4 Bb7 12. Rd1 Qc8 13. Ne5 Nxe5 14. dxe5 Rb8 15. Qg4 Qc7 16. Bf4 Rfd8 17. Be4 c5 18. Bxb7 Qxb7 19. Bh6 Bf8 20. Bg5 Be7 21. Bf6 Rxd1+ 22. Rxd1 Bf8 23. Bg5 Qc7 24. Qe2 h6 25. Bf4 Rd8 26. Rxd8 Qxd8 27. Qd2 Be7 28. Qxd8+ Bxd8 29. Bd2 g5 30. f4 Kg7 31. Kf2 Kg6 32. Kf3 gxf4 33. Bxf4 h5 34. h3 Kf5 35. g4+ hxg4+ 36. hxg4+ Kg6 37. b3 Be7 38. Ke4 Bd8 39. a3 a5 40. a4 1/2-1/2

[Event "Saratov RCT"]
[Site "Saratov"]
[Date "2009.10.06"]
[Round "2"]
[White "Fedukin, Alexandre"]
[Black "Lamikhov, Jury"]
[Result "1-0"]
[WhiteElo "1987"]
[BlackElo "1942"]
[PlyCount "75"]
[EventDate "2009.10.05"]
[EventType "tourn"]
[EventRounds "13"]
[EventCountry "RUS"]
[SourceTitle "EXT 2012"]
[Source "ChessBase"]
[SourceDate "2011.11.24"]
[SourceVersion "1"]
[SourceVersionDate "2011.11.24"]
[SourceQuality "1"]

1. c4 c5 2. Nf3 Nc6 3. d4 cxd4 4. Nxd4 Nxd4 5. Qxd4 e6 6. Nc3 Ne7 7. Nb5 Nc6 8. Nd6+ Bxd6 9. Qxd6 Qb6 10. e3 Qb4+ 11. Qd2 0-0 12. Be2 b6 13. 0-0 Qxd2 14. Bxd2 Ba6 15. b4 Ne5 16. b5 Bb7 17. f4 Ng6 18. Bb4 Rfe8 19. Bd6 Ne7 20. g4 f6 21. a4 a5 22. Rfd1 Nc8 23. Kf2 Kf7 24. Rac1 e5 25. f5 g6 26. Ba3 Rd8 27. c5 bxc5 28. Rxc5 Nb6 29. Rc7 Be4 30. Bc5 Nd5 31. Bc4 gxf5 32. Rxd5 Bxd5 33. Bxd5+ Kg6 34. gxf5+ Kxf5 35. e4+ Kf4 36. Be3+ Kg4 37. Bxa8 Rxa8 38. b6 1-0

[Event "Saratov op"]
[Site "Saratov"]
[Date "2009.06.03"]
[Round "3"]
[White "Lamikhov, Jury"]
[Black "Bolychevsky, Alexander"]
[Result "1/2-1/2"]
[WhiteElo "1945"]
[BlackElo "1806"]
[PlyCount "127"]
[EventDate "2009.06.01"]
[EventType "swiss"]
[EventRounds "9"]
[EventCountry "RUS"]
[SourceTitle "CBM 130 Extra"]
[Source "ChessBase"]
[SourceDate "2009.07.02"]
[SourceVersion "2"]
[SourceVersionDate "2009.07.15"]
[SourceQuality "1"]

1. d4 d5 2. c4 c6 3. Nd2 Nf6 4. Ngf3 a6 5. a4 e6 6. Qc2 Bb4 7. g3 0-0 8. Bg2 Ne4 9. 0-0 Nxd2 10. Bxd2 Bxd2 11. Nxd2 dxc4 12. Qxc4 e5 13. Nf3 exd4 14. Nxd4 Qc7 15. Rac1 Nd7 16. Qc2 Nf6 17. e3 Bg4 18. Rfe1 Rfe8 19. b4 Qd7 20. Nb3 Qd6 21. Nc5 b6 22. Ne4 Nxe4 23. Bxe4 Qxb4 24. Bxh7+ Kh8 25. Rb1 Qa5 26. Be4 Rac8 27. Bg2 Red8 28. Qb3 Rd2 29. Qb4 Be6 30. Qxa5 bxa5 31. Rb6 c5 32. Rxa6 c4 33. Bb7 Rc7 34. Be4 Rc8 35. Rc1 c3 36. Bc2 Rxc2 37. Rxc2 Bf5 38. Rc1 c2 39. Rxa5 Be4 40. Kf1 Bf3 41. Ke1 Rd8 42. Ra8 Rxa8 43. Rxc2 Rxa4 44. Kd2 Kh7 45. Kc3 Kg6 46. Rd2 f6 47. Kb3 Ra5 48. Rd4 Kg5 49. Rf4 Rf5 50. h4+ Kg6 51. Ra4 Re5 52. Kc3 Be4 53. f4 Re7 54. g4 Bf3 55. f5+ Kh7 56. Rf4 Rxe3+ 57. Kd4 Ra3 58. g5 Ra4+ 59. Ke3 Rxf4 60. Kxf4 Bd5 61. h5 Bb3 62. Kg4 Bf7 63. g6+ Bxg6 64. hxg6+ 1/2-1/2

[Event "Saratov-ch"]
[Site "Saratov"]
[Date "2009.03.06"]
[Round "8"]
[White "Lamikhov, Jury"]
[Black "Fedukin, Alexandre"]
[Result "1-0"]
[WhiteElo "1830"]
[BlackElo "1994"]
[PlyCount "168"]
[EventDate "2009.02.26"]
[EventType "swiss"]
[EventRounds "9"]
[EventCountry "RUS"]
[SourceTitle "CBM 129 Extra"]
[Source "ChessBase"]
[SourceDate "2009.05.05"]
[SourceVersion "2"]
[SourceVersionDate "2009.05.20"]
[SourceQuality "1"]

1. d4 Nf6 2. c4 e6 3. g3 c6 4. Bg2 b6 5. e4 d5 6. e5 Nfd7 7. b3 Bb4+ 8. Bd2 Be7 9. Ne2 Nf8 10. Nbc3 Ba6 11. cxd5 cxd5 12. 0-0 f5 13. exf6 Bxf6 14. Re1 Bb7 15. Nf4 Kf7 16. Bh3 Bc8 17. Qf3 Nc6 18. Be3 g6 19. Rac1 Bd7 20. Ncxd5 Rc8 21. Nxf6 Qxf6 22. d5 Ne5 23. dxe6+ Nxe6 24. Bxe6+ Qxe6 25. Qe4 Qf5 26. Qd5+ Kf8 27. Rxc8+ Bxc8 28. Bc5+ bxc5 29. Qxe5 Qxe5 30. Rxe5 Bf5 31. Rxc5 Ke7 32. Rc7+ Kd6 33. Rxa7 g5 34. Ra6+ Ke5 35. Ra5+ Kf6 36. Nd5+ Kf7 37. Ne3 Bb1 38. Kg2 h5 39. h3 h4 40. a3 Kf6 41. b4 Rd8 42. gxh4 gxh4 43. Kf3 Kg6 44. a4 Rf8+ 45. Ke2 Rd8 46. b5 Kg5 47. Ra7 Bd3+ 48. Kf3 Rf8+ 49. Kg2 Be4+ 50. Kg1 Kf4 51. Ng2+ Kg5 52. Rg7+ Kf6 53. Rg4 Ke5 54. Nxh4 Ra8 55. Ng6+ Bxg6 56. Rxg6 Rxa4 57. Rb6 Kf5 58. Rb8 Kg6 59. Kg2 Ra3 60. Rg8+ Kh7 61. Rg3 Ra7 62. b6 Rb7 63. Rb3 Kg6 64. Rb5 Kf6 65. Kg3 Kg6 66. h4 Kf6 67. h5 Kg7 68. Kg4 Kh6 69. f4 Rg7+ 70. Kf5 Rb7 71. Ke6 Rb8 72. b7 Kg7 73. Kd7 Kf6 74. Kc7 Re8 75. b8Q Re7+ 76. Kb6 Re6+ 77. Ka5 Re1 78. Qe5+ Rxe5 79. Rxe5 Kg7 80. Kb6 Kf6 81. Kc7 Kg7 82. Re6 Kf7 83. Kd7 Kg7 84. Ke7 Kh7 1-0

[Event "Saratov-ch"]
[Site "Saratov"]
[Date "2009.02.27"]
[Round "2"]
[White "Korchmar, Vasiliy"]
[Black "Lamikhov, Jury"]
[Result "1/2-1/2"]
[WhiteElo "2060"]
[BlackElo "1830"]
[PlyCount "88"]
[EventDate "2009.02.26"]
[EventType "swiss"]
[EventRounds "9"]
[EventCountry "RUS"]
[SourceTitle "CBM 129 Extra"]
[Source "ChessBase"]
[SourceDate "2009.05.05"]
[SourceVersion "2"]
[SourceVersionDate "2009.05.20"]
[SourceQuality "1"]

1. e4 e6 2. d4 d5 3. Nc3 dxe4 4. Nxe4 Nd7 5. Nf3 Ngf6 6. Bg5 h6 7. Nxf6+ Nxf6 8. Bh4 c5 9. Bb5+ Bd7 10. Bxd7+ Qxd7 11. 0-0 cxd4 12. Nxd4 Be7 13. c3 0-0 14. Qe2 Nd5 15. Bg3 Bd6 16. Bxd6 Qxd6 17. Rad1 Qb6 18. Kh1 Rfe8 19. f4 Qc7 20. Qf3 Qxf4 21. Qxf4 Nxf4 22. Rxf4 e5 23. Re4 exd4 24. Rexd4 Re2 25. R4d2 Rae8 26. Kg1 R8e7 27. Kf1 R2e3 28. Rd8+ Kh7 29. R8d7 Kg6 30. Rxe7 Rxe7 31. Kf2 Kg5 32. Rd3 f5 33. Kf3 Kf6 34. Rd6+ Kg5 35. c4 b6 36. a3 Kh5 37. b4 Rc7 38. Rd4 Kg5 39. Ke3 Kf6 40. Kd3 Ke6 41. Rd8 Rd7+ 42. Rxd7 Kxd7 43. Kd4 Kd6 44. a4 g5 1/2-1/2

[Event "Saratov op"]
[Site "Saratov"]
[Date "2008.12.20"]
[Round "8"]
[White "Lamikhov, Jury"]
[Black "Ekhaeva, Polina"]
[Result "1/2-1/2"]
[WhiteElo "1831"]
[BlackElo "2017"]
[PlyCount "76"]
[EventDate "2008.12.13"]
[EventType "swiss"]
[EventRounds "9"]
[EventCountry "RUS"]
[SourceTitle "EXT 2010"]
[Source "ChessBase"]
[SourceDate "2010.11.25"]
[SourceVersion "1"]
[SourceVersionDate "2010.11.25"]
[SourceQuality "1"]

1. d4 d5 2. c4 c6 3. Qc2 g6 4. Nf3 Bg7 5. Bf4 Nf6 6. Nbd2 Na6 7. g3 Qa5 8. Bg2 dxc4 9. 0-0 Nb4 10. Qc1 0-0 11. a3 Nbd5 12. Nxc4 Nxf4 13. Qxf4 Qb5 14. Qc1 Be6 15. Nfe5 Ng4 16. a4 Qa6 17. e3 Nh6 18. b3 Rfd8 19. Nd3 Bxc4 20. Qxc4 Qa5 21. Nc5 Qc7 22. Rab1 Rac8 23. b4 e6 24. a5 Nf5 25. Ne4 Ne7 26. Rfc1 Nd5 27. a6 Bf8 28. axb7 Qxb7 29. Nc5 Qb8 30. Rb3 Qb6 31. b5 cxb5 32. Qxb5 Qd6 33. Rcb1 Qc7 34. Nb7 Nc3 35. Rxc3 Qxc3 36. Nxd8 Rxd8 37. Qa6 Qc2 38. Ra1 Rb8 1/2-1/2

[Event "Saratov region op"]
[Site "Saratov"]
[Date "2008.06.01"]
[Round "3"]
[White "Lamikhov, Jury"]
[Black "Mochalov, Yulian"]
[Result "0-1"]
[WhiteElo "1851"]
[BlackElo "1981"]
[PlyCount "78"]
[EventDate "2008.05.30"]
[EventType "swiss"]
[EventRounds "9"]
[EventCountry "RUS"]
[SourceTitle "CBM 124 Extra"]
[Source "ChessBase"]
[SourceDate "2008.07.03"]
[SourceVersion "1"]
[SourceVersionDate "2008.07.03"]
[SourceQuality "1"]

1. d4 d5 2. c4 e6 3. Nf3 c6 4. Qc2 Nf6 5. g3 Be7 6. Bg2 0-0 7. 0-0 Nbd7 8. Nbd2 Re8 9. e4 dxe4 10. Nxe4 Nxe4 11. Qxe4 Nf6 12. Qd3 Qa5 13. Bd2 Qh5 14. Rfe1 Bd6 15. Ne5 Ng4 16. Nxg4 Qxg4 17. Bf3 Qg6 18. Qxg6 hxg6 19. d5 Bd7 20. Rad1 cxd5 21. Bc3 Rac8 22. cxd5 e5 23. Rc1 f5 24. Bg2 e4 25. Bd4 b6 26. f3 exf3 27. Bxf3 Rxe1+ 28. Rxe1 Rc2 29. Re2 Rxe2 30. Bxe2 Bc5 31. Bxc5 bxc5 32. Ba6 Kf7 33. Kf2 Kf6 34. Ke3 Ke5 35. Bb7 g5 36. h4 f4+ 37. gxf4+ gxf4+ 38. Kf2 Be8 39. Bc8 Bh5 0-1